Music Quiz

Random Music or Song Quiz
Score 0/32 Timer 05:00
7 Plays Today
% Correct
Bottle
97.2%
Time
97%
On
96.8%
Loca
96.7%
Way
96.4%
Thing
96.3%
True
96.1%
Heart
95.8%
Angel
95.3%
Woman
95%
It
94.6%
Sexy
94.5%
Spirit
94.3%
Grind
93.7%
Bow
93.4%
World
92.9%
% Correct
Paradise
92.5%
Religion
92.1%
Alone
92.1%
Deeply
91.6%
Baby
91.5%
Back
90.2%
Problems
89.7%
Amor
89%
Rose
88.6%
Mine
88.6%
Road
88%
Live
87.8%
Tonight
85.7%
Scrubs
78%
Sunshine
68.6%
Love
66.1%
Remove Ads.
Support Sporcle.
Get the best of Sporcle when you Go Orange. This ad-free experience offers more features, more stats, and more fun while also helping to support Sporcle. Thank you for becoming a member.

You're not logged in!

Compare scores with friends on all Sporcle quizzes.
OR
Log In

Show Comments

Extras

Top Quizzes Today


Score Distribution

Your Account Isn't Verified!

In order to create a playlist on Sporcle, you need to verify the email address you used during registration. Go to your Sporcle Settings to finish the process.

Report this User

Report this user for behavior that violates our Community Guidelines.

Details: